IEEE Standards - Statistics

General Stats
  • This quiz has been taken 11 times
  • The average score is 8 of 10
Answer Stats
Hint 802.XX % Correct
Higher Layer LAN Protocols Working Group 802.1
100%
Ethernet Working Group 802.3
100%
Wireless LAN 802.11
88%
Media Independent Handover Services 802.21
88%
Wireless Regional Area Networks 802.22
88%
WPAN 802.15
75%
Broadband Wireless Access (Wi Max) 802.16
75%
Radio Regulatory TAG 802.18
75%
Smart Grid TAG 802.24
75%
Wireless Coexistence 802.19
63%
No matching quizzes found
Score Distribution
Percent of People with Each Score
Percentile by Number Answered
Your Score History
You have not taken this quiz